| 000 | 00574nam a2200181Ia 4500 | ||
|---|---|---|---|
| 008 | 151202s9999||||xx |||||||||||||| ||und|| | ||
| 082 | _bPNVM-32139 | ||
| 100 | _aभावे पु.भा. | ||
| 245 | _aविश्रांन्ती. | ||
| 260 | _b"कॉन्टिनेंटल प्रकाशन,पुणे." | ||
| 260 | _c1969 | ||
| 300 | _a123 | ||
| 600 | _aभावे पु.भा. | ||
| 630 | _aविश्रांन्ती. | ||
| 700 | _aभावे पु.भा. | ||
| 730 | _aविश्रांन्ती. | ||
| 942 | _cBOOK | ||
| 999 |
_c1298100 _d1298097 |
||